Loreto College Library, Kolkata
WEBOPAC (ONLINE PUBLIC ACCESS CATALOGUE)

Model theatres (Record no. 30134)

MARC details
000 -LEADER
fixed length control field 00563nam a2200217Ia 4500
005 - DATE AND TIME OF LATEST TRANSACTION
control field 20240625103336.0
008 - FIXED-LENGTH DATA ELEMENTS--GENERAL INFORMATION
fixed length control field 131103s9999 xx 000 0 und d
020 ## - ISBN | অাই এস বি এন
ISBN | অাই এস বি এন 0 86002 115 7
040 ## - CATALOGING SOURCE
Original cataloging agency Loreto College
041 ## - LANGUAGE CODE
Language code English
082 ## - DDC | ডিউই
Classification number | বর্গসংখ্যা 745
Book Number | গ্রন্থাঙ্ক ALL
100 ## - MAIN ENTRY--PERSONAL NAME | মুখ্য সংলেখ - ব্যাক্তিনাম
Personal name | ব্যাক্তিনাম Allport, Alan J.
245 ## - TITLE STATEMENT | অাখ্যা বিবরণী
Title | অাখ্যা Model theatres
Sub title | উপঅাখ্যা and how to make them
Statement of responsibility | লেখকের দায়িত্বের বিবরণ Alan J. Allport
260 ## - IMPRINT | প্রকাশনা ক্ষেত্র
Place of publication | প্রকাশ স্থান Great Britain
Name of publisher | প্রকাশকের নাম William Luscombe
Date of publication | প্রকাশ কাল 1978
300 ## - PHYSICAL DESCRIPTION |
Page / Vol. No | পৃষ্ঠা / খন্ড সংখ্যা 96p.
Other physical details | অনান্য বাহ্যিক বিবরণ ill.
504 ## - BIBLIOGRAPHY, ETC. NOTE
Bibliography, etc Includes index
650 ## - SUBJECT ADDED ENTRY--TOPICAL TERM | বিষয় শিরোনাম - মূল বিষয়
Topical term | মূল বিষয় Decorative arts
651 ## - SUBJECT ADDED ENTRY--GEOGRAPHIC NAME | বিষয় শিরোনাম - ভৌগলিক নাম
Geographic name | ভৌগলিক বিষয় Theatres
850 ## - HOLDING INSTITUTION
Holding institution LCBED
942 ## - ADDED ENTRY ELEMENTS (KOHA)
Koha item type Books
Holdings
Withdrawn status Lost status Source of classification Damaged status Not for loan Home library Current library Date acquired Total Checkouts Full call number Accession No. Date last seen Price effective from Koha item type Coded location qualifier
    Dewey Decimal Classification     Loreto College Loreto College 04/11/2013   745 ALL 11263 B32982 04/11/2013 04/11/2013 Books